Giáo trình kỹ thuật thủy khí
Nội dung sách đề cập đến: Tĩnh học chất lỏng, động học chất lỏng, động lực học chất lỏng, chuyển động 1 chiều của chất lỏng không nén được, tính toán thủy lực đường ống, lực tác dụng lên vật ngập trong chất lỏng chuyển động, bớm...
Bewaard in:
| Hoofdauteur: | |
|---|---|
| Formaat: | Boek |
| Taal: | Undetermined |
| Gepubliceerd in: |
Hà Nội
Khoa học và Kỹ thuật
2013
|
| Onderwerpen: | |
| Tags: |
Voeg label toe
Geen labels, Wees de eerste die dit record labelt!
|
| Thư viện lưu trữ: | Trung tâm Học liệu Trường Đại học Cần Thơ |
|---|
| LEADER | 01089nam a2200229Ia 4500 | ||
|---|---|---|---|
| 001 | CTU_196771 | ||
| 008 | 210402s9999 xx 000 0 und d | ||
| 020 | |c 188000 | ||
| 082 | |a 620.106 | ||
| 082 | |b Qu106 | ||
| 100 | |a Vũ, Duy Quang | ||
| 245 | 0 | |a Giáo trình kỹ thuật thủy khí | |
| 245 | 0 | |c Vũ Duy Quang (chủ biên) ; Phạm Đức Nhuận | |
| 260 | |a Hà Nội | ||
| 260 | |b Khoa học và Kỹ thuật | ||
| 260 | |c 2013 | ||
| 520 | |a Nội dung sách đề cập đến: Tĩnh học chất lỏng, động học chất lỏng, động lực học chất lỏng, chuyển động 1 chiều của chất lỏng không nén được, tính toán thủy lực đường ống, lực tác dụng lên vật ngập trong chất lỏng chuyển động, bớm li tâm và máy thủy lực cánh dẫn,... | ||
| 526 | |a Cơ học lưu chất - CK | ||
| 526 | |b CN189 | ||
| 650 | |a Hydrodynamics | ||
| 904 | |i Nguyên | ||
| 980 | |a Trung tâm Học liệu Trường Đại học Cần Thơ | ||